000 00398nam a2200133Ia 4500
008 220217s9999 xx 000 0 und d
245 0 _aRubber threads- Methods of test= Addendum 1,2,3
260 _aSwitzerland
260 _c1975
_bInternational Organization for Standards
490 _aRubber and rubber products
500 _aStandard number: ISO 2321
650 _aRubber threads
942 _cST
999 _c74087
_d74087